| 000 | 00591nam a2200121Ia 4500 | ||
|---|---|---|---|
| 008 | 220615s9999||||xx |||||||||||||| ||und|| | ||
| 245 | 0 |
_aSocialism and Legal History _bThe Histories and Historians of Law in Socialist East Central Europe |
|
| 546 | _aEnglish[eng] | ||
| 650 | _aEuropean history||Historiography||History of specific lands||Jurisprudence and general issues||Comparative law||Legal history||Political science and theory | ||
| 700 | _aErkkilä, Ville||Haferkamp, Hans-Peter | ||
| 856 | _uhttps://library.oapen.org/bitstream/20.500.12657/46726/1/oa-9781000213638.pdf | ||
| 942 | _cEB | ||
| 999 |
_c9387 _d9387 |
||